000 00615nam a22001337a 4500
008 140910b xxu||||| |||| 00| 0 eng d
050 _aKF101.A312(vol. 32)
245 _aCases argued and decided in the supreme court of the United State 1888s:
_b127, 128, 129, 130, U.S., lawyers' edition, complete with headlines, headnotes, statements of cases, points and authorities of counsel, footnotes, and parallel references edited by Stephen K. Williams. /
260 _aNew York:
_bThe Lawyers co-operative pub. co.,
_c1888.
300 _a1107p.
_c24cm.
440 _vVol. 32
500 _aIncludes index
942 _2lcc
_cBK
999 _c4541
_d12041